Očkování proti tuberkulóze

Bibliographic Details
Main Author: Wallenfels, J. (Author)
Format: Article
Language:Czech

MARC

LEADER 00000nab a2200000uu 4500
001 vtls011138132
003 SK-MaSNL
005 20260303131509.0
008 230218|2009 xo |||||||||||||||||cze|
015 |a SNBRB 
035 |a (urnnbn)urn:nbn:sk:snk:ar-007ujz 
035 |a (uuid)068625a5-49c3-49db-b2fd-b9929635ac1b 
035 |a urn:nbn:sk:snk-abaqlh 
040 |a SNKBUCL  |b slo  |c SNKBUCL  |e AACR2 
041 0 |a cze 
044 |a xo  |c SK 
100 1 |a Wallenfels, J.  |4 aut  |9 1148261 
245 1 0 |a Očkování proti tuberkulóze  |c J. Wallenfels 
773 0 |t Československá pediatrie : časopis Pediatrické společnosti časopis Československé pediatrické společnosti, sekce Československé lékařské společnosti J.E. Purkyně ; časopis České a Slovenské pediatrické společnosti  |g Roč. 64, č. 2 (2009), s. 69-76 
954 |a odborná, vedecká literatúra cudzojazyčná (svetová)  |2 lita 
958 |a OND 
958 |a EUIPO 
958 |a article14 
999 |c 1945589  |d 1947519